[Event "OP-2011-0-01719"]
[Site "LSS email"]
[Date "2011.08.27"]
[Round "?"]
[White "Evans, Stanley W"]
[Black "Tot, Zoltan M"]
[Result "1-0"]
[WhiteElo "1122"]
[BlackElo "731"]
[PlyCount "57"]
[EventDate "2011.08.11"]
[EventType "tourn (corr)"]
[EventRounds "4"]
[EventCountry "GER"]
[SourceTitle "Telechess CBM 151"]
[Source "ChessBase"]
[SourceDate "2012.11.13"]
[SourceVersion "1"]
[SourceVersionDate "2012.11.13"]
[SourceQuality "1"]

1. e4 e5 2. f4 exf4 3. Bc4 Qh4+ 4. Kf1 Nf6 5. Nf3 Qh5 6. Nc3 Ng4 7. Nd5 Bd6 8. d4 f6 9. Bxf4 Bxf4 10. Nxf4 Qa5 11. Qe2 d6 12. h3 Nh6 13. e5 fxe5 14. dxe5 d5 15. Bxd5 c6 16. Bb3 b6 17. Nd3 Bf5 18. Rd1 Nd7 19. g4 Bg6 20. e6 Nc5 21. Nxc5 Qxc5 22. Rd7 Qb5 23. c4 Qc5 24. Rh2 Rd8 25. Qd2 Rb8 26. Rxg7 Nf7 27. Qd7+ Kf8 28. Rxf7+ Bxf7 29. Qxf7# 1-0

[Event "SN-2011-0-00372"]
[Site "LSS email"]
[Date "2011.08.14"]
[Round "?"]
[White "Tot, Zoltan M"]
[Black "Billion, Paul"]
[Result "0-1"]
[WhiteElo "731"]
[BlackElo "789"]
[PlyCount "62"]
[EventDate "2011.07.30"]
[EventType "tourn (corr)"]
[EventRounds "6"]
[EventCountry "GER"]
[SourceTitle "Telechess CBM 149"]
[Source "ChessBase"]
[SourceDate "2012.07.17"]
[SourceVersion "1"]
[SourceVersionDate "2012.07.17"]
[SourceQuality "1"]

1. e4 e5 2. Qh5 Qe7 3. Nf3 d6 4. Bc4 g6 5. Qg5 Be6 6. Be2 Nf6 7. Nc3 Nbd7 8. d3 h5 9. Nd5 Nxd5 10. exd5 Bxd5 11. c4 Be6 12. b4 0-0-0 13. 0-0 Nf6 14. Ba3 Bh6 15. Qg3 Bf4 16. Qh4 Rdg8 17. Ng5 Nh7 18. Nf3 g5 19. Nxg5 Nxg5 20. f3 Nxf3+ 21. Bxf3 Qxh4 22. c5 Qxh2+ 23. Kf2 Bg3+ 24. Ke2 Bf4 25. cxd6 c6 26. Rf2 Bg4 27. Raf1 Bg3 28. Bxg4+ Rxg4 29. Rxf7 Qxg2+ 30. Kd1 Bf4 31. Rc7+ Kd8 0-1

[Event "ZN-2011-0-01646"]
[Site "LSS email"]
[Date "2011.08.14"]
[Round "?"]
[White "Tot, Zoltan M"]
[Black "Simmons, Ernest"]
[Result "0-1"]
[WhiteElo "671"]
[BlackElo "742"]
[PlyCount "116"]
[EventDate "2011.08.08"]
[EventType "match (corr)"]
[EventRounds "2"]
[EventCountry "GER"]
[SourceTitle "Telechess CBM 147"]
[Source "ChessBase"]
[SourceDate "2012.03.16"]
[SourceVersion "1"]
[SourceVersionDate "2012.03.16"]
[SourceQuality "1"]

1. c4 Nf6 2. Nc3 e6 3. e4 b6 4. a3 Bb7 5. h3 Nxe4 6. Nxe4 Bxe4 7. d3 Bb7 8. Qb3 Bc5 9. Qc3 0-0 10. Ne2 Be7 11. f3 Bf6 12. d4 c5 13. Be3 Bh4+ 14. Kd1 Bf6 15. Qd3 cxd4 16. Nxd4 e5 17. Nf5 e4 18. fxe4 Bxb2 19. Rb1 Bf6 20. Bf4 Re8 21. Nd6 Bxe4 22. Qb3 Bxb1 23. Nxe8 Qxe8 24. Qxb1 Nc6 25. Be2 Rc8 26. Qd3 Nd4 27. Bg4 Rc6 28. Re1 Qd8 29. g3 Qc8 30. Bf5 Nxf5 31. Qxf5 a5 32. Qe4 Re6 33. Qd5 Rxe1+ 34. Kxe1 Qe8+ 35. Kf2 h6 36. Bc7 Bd8 37. Qd6 Bxc7 38. Qxc7 Qe7 39. Qxb6 Qxa3 40. c5 Qa2+ 41. Ke3 Qa3+ 42. Kd4 Qb4+ 43. Qxb4 axb4 44. Kc4 b3 45. Kxb3 Kf8 46. Kc4 Ke8 47. Kd5 Kd8 48. g4 f6 49. Ke4 Ke7 50. h4 Ke6 51. h5 Kf7 52. Kf5 Kg8 53. Kg6 Kf8 54. Kf5 Kf7 55. Kf4 g6 56. Ke4 gxh5 57. gxh5 Ke6 58. Kf4 f5 0-1

[Event "SN-2011-0-00355"]
[Site "LSS email"]
[Date "2011.06.27"]
[Round "?"]
[White "Tot, Zoltan M"]
[Black "Tobey, Al E"]
[Result "1-0"]
[WhiteElo "731"]
[BlackElo "621"]
[PlyCount "21"]
[EventDate "2011.06.15"]
[EventType "tourn (corr)"]
[EventRounds "6"]
[EventCountry "GER"]
[SourceTitle "Corr 2015"]
[Source "ChessBase"]
[SourceDate "2015.07.17"]
[SourceVersion "1"]
[SourceVersionDate "2015.07.17"]
[SourceQuality "1"]

1. e4 e5 2. Qh5 d6 3. Bc4 Qd7 4. h3 g6 5. Qf3 Bg7 6. Nc3 Nh6 7. Nd5 0-0 8. d3 b5 9. Nf6+ Bxf6 10. Qxf6 bxc4 11. Bxh6 1-0

[Event "RN-2011-0-00376"]
[Site "LSS email"]
[Date "2011.04.29"]
[Round "?"]
[White "Laureles Whittington, Selwyn"]
[Black "Tot, Zoltan M"]
[Result "0-1"]
[WhiteElo "800"]
[BlackElo "702"]
[PlyCount "29"]
[EventDate "2011.04.19"]
[EventType "tourn (corr)"]
[EventRounds "6"]
[EventCountry "GER"]
[SourceTitle "Corr 2015"]
[Source "ChessBase"]
[SourceDate "2015.07.17"]
[SourceVersion "1"]
[SourceVersionDate "2015.07.17"]
[SourceQuality "1"]

1. d4 d5 2. Bf4 Nc6 3. Nf3 h6 4. Qd2 Bf5 5. Nc3 e6 6. Nh4 Qxh4 7. g3 Qg4 8. b3 Nb4 9. Bxc7 Nxc2+ 10. Kd1 Nxa1 11. f3 Qg6 12. e3 Bc2+ 13. Ke2 Bb4 14. Bh3 Rc8 15. Rxa1 0-1

[Event "RN-2011-0-00375"]
[Site "LSS email"]
[Date "2011.04.27"]
[Round "?"]
[White "Tot, Zoltan M"]
[Black "Giaretta, Fulvio"]
[Result "0-1"]
[WhiteElo "702"]
[BlackElo "1186"]
[PlyCount "46"]
[EventDate "2011.04.16"]
[EventType "tourn (corr)"]
[EventRounds "6"]
[EventCountry "GER"]
[SourceTitle "Telechess CBM 147"]
[Source "ChessBase"]
[SourceDate "2012.03.16"]
[SourceVersion "1"]
[SourceVersionDate "2012.03.16"]
[SourceQuality "1"]

1. e4 e5 2. Qh5 Nc6 3. Bc4 g6 4. Qf3 Nf6 5. d3 Nd4 6. Qd1 d5 7. exd5 b5 8. Bb3 Nxd5 9. c3 Nxb3 10. axb3 Bg7 11. Ne2 Bb7 12. 0-0 0-0 13. c4 Nb4 14. cxb5 Qd5 15. f3 Qxb5 16. Nbc3 Qb6+ 17. Kh1 Rfd8 18. d4 exd4 19. Na4 Qb5 20. Nxd4 Rxd4 21. Qe1 Nc2 22. Nc3 Qd3 23. Qe7 Qxf1# 0-1

[Event "RN-2011-0-00375"]
[Site "LSS email"]
[Date "2011.04.26"]
[Round "?"]
[White "Hickl, Norbert"]
[Black "Tot, Zoltan M"]
[Result "1-0"]
[WhiteElo "1272"]
[BlackElo "702"]
[PlyCount "73"]
[EventDate "2011.04.16"]
[EventType "tourn (corr)"]
[EventRounds "6"]
[EventCountry "GER"]
[SourceTitle "Telechess CBM 147"]
[Source "ChessBase"]
[SourceDate "2012.03.16"]
[SourceVersion "1"]
[SourceVersionDate "2012.03.16"]
[SourceQuality "1"]

1. c4 Nc6 2. g3 e5 3. Bg2 Bc5 4. Nc3 Qf6 5. Ne4 Qe7 6. Nxc5 Qxc5 7. d3 Nf6 8. Nf3 Ng4 9. 0-0 d5 10. cxd5 Qxd5 11. h3 Nf6 12. Bd2 Nd4 13. Nxd4 Qxd4 14. Bc3 Qd6 15. Qb3 0-0 16. Rac1 a5 17. Qc2 c6 18. a3 Bf5 19. b4 Nd5 20. bxa5 Nxc3 21. Qxc3 Bd7 22. Rb1 Rab8 23. Rb6 Qc7 24. Rfb1 Qc8 25. a6 Qc7 26. axb7 h6 27. a4 c5 28. a5 c4 29. a6 e4 30. Bxe4 Bxh3 31. a7 Qd7 32. axb8Q Rxb8 33. Qxc4 Kh8 34. Ra1 f5 35. Ra8 fxe4 36. Rxb8+ Kh7 37. Qg8# 1-0

[Event "RN-2011-0-00364"]
[Site "LSS email"]
[Date "2011.03.28"]
[Round "?"]
[White "Hickl, Norbert"]
[Black "Tot, Zoltan M"]
[Result "1-0"]
[WhiteElo "1272"]
[BlackElo "702"]
[PlyCount "67"]
[EventDate "2011.03.16"]
[EventType "tourn (corr)"]
[EventRounds "6"]
[EventCountry "GER"]
[SourceTitle "Telechess CBM 147"]
[Source "ChessBase"]
[SourceDate "2012.03.16"]
[SourceVersion "1"]
[SourceVersionDate "2012.03.16"]
[SourceQuality "1"]

1. c4 d5 2. cxd5 Qxd5 3. Nc3 Qd8 4. g3 e5 5. Bg2 Nf6 6. Nf3 Bd6 7. 0-0 Bf5 8. h3 Nc6 9. d3 Qe7 10. Bg5 h6 11. Nd5 Qd7 12. Bxf6 Qe6 13. Bxg7 Rh7 14. Nf6+ Kd8 15. Nxh7 Kd7 16. Bxh6 Bxh7 17. Bd2 Rg8 18. Ng5 Qh6 19. Nxf7 Qf6 20. Nxd6 Qxd6 21. Qa4 a6 22. Rac1 Rg6 23. Be4 Rg7 24. Bxc6+ bxc6 25. Qxa6 Bf5 26. Kh2 Bxh3 27. Kxh3 Qe6+ 28. Kg2 Qd5+ 29. e4 Qe6 30. Rh1 Qf6 31. Rh6 Rg6 32. Rh7+ Ke8 33. Qc8+ Qd8 34. Rh8+ 1-0

[Event "RN-2011-0-00364"]
[Site "LSS email"]
[Date "2011.03.28"]
[Round "?"]
[White "Tot, Zoltan M"]
[Black "Lombardi, Donato"]
[Result "1-0"]
[WhiteElo "702"]
[BlackElo "775"]
[PlyCount "79"]
[EventDate "2011.03.16"]
[EventType "tourn (corr)"]
[EventRounds "6"]
[EventCountry "GER"]
[SourceTitle "Telechess CBM 147"]
[Source "ChessBase"]
[SourceDate "2012.03.16"]
[SourceVersion "1"]
[SourceVersionDate "2012.03.16"]
[SourceQuality "1"]

1. e4 e6 2. d4 d5 3. e5 c5 4. dxc5 Bxc5 5. Qf3 Nc6 6. Bf4 Qb6 7. b3 Nge7 8. Nd2 Nd4 9. Qd3 Nef5 10. Ngf3 Bd7 11. g3 Rc8 12. c3 Nxf3+ 13. Nxf3 Bxf2+ 14. Kd1 Be3 15. Bxe3 Qxe3 16. Qxe3 Nxe3+ 17. Kd2 Nf5 18. Bd3 0-0 19. Ng5 h6 20. Nf3 a6 21. Rae1 Bc6 22. Bxf5 exf5 23. h4 Rfd8 24. Nd4 g6 25. h5 Kg7 26. hxg6 fxg6 27. Ne6+ Kf7 28. Nxd8+ Rxd8 29. Rxh6 Re8 30. Rh7+ Ke6 31. Rf1 Rg8 32. Re1 g5 33. Rh6+ Kd7 34. e6+ Ke7 35. Rh7+ Kf6 36. Rf7+ Kg6 37. g4 f4 38. Rf5 Re8 39. e7 Bd7 40. Rf8 1-0

[Event "RN-2011-0-00364"]
[Site "LSS email"]
[Date "2011.03.28"]
[Round "?"]
[White "Tot, Zoltan M"]
[Black "Simmons, Ernest"]
[Result "1-0"]
[WhiteElo "702"]
[BlackElo "732"]
[PlyCount "69"]
[EventDate "2011.03.16"]
[EventType "tourn (corr)"]
[EventRounds "6"]
[EventCountry "GER"]
[SourceTitle "Telechess CBM 147"]
[Source "ChessBase"]
[SourceDate "2012.03.16"]
[SourceVersion "1"]
[SourceVersionDate "2012.03.16"]
[SourceQuality "1"]

1. e4 c6 2. d4 d5 3. e5 Bf5 4. h3 f6 5. exf6 exf6 6. Nc3 Ne7 7. Nf3 Qb6 8. g4 Bc8 9. Bg2 Nd7 10. 0-0 Ng6 11. Qe2+ Be7 12. g5 0-0 13. b3 Qd8 14. gxf6 Bxf6 15. Re1 Ne7 16. Bg5 Nb6 17. Bxf6 Rxf6 18. Qxe7 Qxe7 19. Rxe7 Rf8 20. Rae1 Bf5 21. Ne5 Rab8 22. Na4 Nxa4 23. Nd7 Bxd7 24. Rxd7 Rf7 25. Rxf7 Kxf7 26. bxa4 a5 27. Bf1 h6 28. c4 Rd8 29. c5 Rb8 30. h4 b6 31. Rb1 Ke7 32. cxb6 Kd7 33. Bh3+ Kd8 34. b7 Kc7 35. Bc8 1-0

[Event "RN-2011-0-00364"]
[Site "LSS email"]
[Date "2011.03.28"]
[Round "?"]
[White "Vontina, Maria"]
[Black "Tot, Zoltan M"]
[Result "0-1"]
[WhiteElo "758"]
[BlackElo "702"]
[PlyCount "116"]
[EventDate "2011.03.16"]
[EventType "tourn (corr)"]
[EventRounds "6"]
[EventCountry "GER"]
[SourceTitle "Telechess CBM 147"]
[Source "ChessBase"]
[SourceDate "2012.03.16"]
[SourceVersion "1"]
[SourceVersionDate "2012.03.16"]
[SourceQuality "1"]

1. e4 e5 2. Nf3 Nf6 3. Nxe5 Qe7 4. Nf3 Nxe4 5. Be2 d5 6. 0-0 Be6 7. Re1 Qf6 8. d3 Nd6 9. Bf1 h6 10. Nc3 c6 11. Bd2 Nd7 12. b4 Be7 13. a4 Bg4 14. Be2 0-0 15. Nd4 Bxe2 16. Ndxe2 Rfe8 17. Ng3 d4 18. Nce4 Nxe4 19. Nxe4 Qh4 20. Qf3 Ne5 21. Qg3 Qh5 22. h3 Bh4 23. Qf4 Ng6 24. Qh2 Re6 25. g3 Bg5 26. Nxg5 hxg5 27. Rxe6 fxe6 28. Re1 e5 29. Kg2 Rf8 30. Qg1 Qf3+ 31. Kf1 b5 32. a5 a6 33. Bxg5 Qf5 34. Bd2 Qxh3+ 35. Ke2 Qg4+ 36. Kf1 Qf3 37. Qg2 Qf7 38. Kg1 Qa2 39. Rc1 Qe6 40. Qe4 Qf6 41. Rf1 Ne7 42. Qg2 Nf5 43. Qh3 Nd6 44. Qg4 Nf5 45. Qg5 Qxg5 46. Bxg5 Rf7 47. Kg2 Nd6 48. Bd2 e4 49. dxe4 Nxe4 50. Be1 c5 51. f3 Nc3 52. bxc5 Rc7 53. Bxc3 dxc3 54. Rd1 Rxc5 55. Rd6 b4 56. Rxa6 b3 57. Ra8+ Kh7 58. cxb3 c2 0-1

[Event "LSS No Engine Cup 37 Preliminary 1"]
[Site "LSS email"]
[Date "2011.02.15"]
[Round "?"]
[White "Draba, Henryk"]
[Black "Tot, Zoltan M"]
[Result "1-0"]
[WhiteElo "1569"]
[BlackElo "671"]
[PlyCount "45"]
[EventDate "2011.02.16"]
[EventType "tourn (corr)"]
[EventRounds "6"]
[EventCountry "GER"]
[SourceTitle "Telechess CBM 151"]
[Source "ChessBase"]
[SourceDate "2012.11.13"]
[SourceVersion "1"]
[SourceVersionDate "2012.11.13"]
[SourceQuality "1"]

1. e4 e5 2. Nf3 Nf6 3. Nxe5 Qe7 4. d4 d6 5. Nf3 Nxe4 6. Be2 d5 7. 0-0 Qf6 8. Nc3 Qg6 9. Nxd5 Bd6 10. Ne5 Qe6 11. Bc4 0-0 12. Nxc7 Qf6 13. Nxa8 Nd7 14. Nxf7 Rxf7 15. Qd3 Ndc5 16. Bxf7+ Qxf7 17. dxc5 Bf5 18. cxd6 Nc5 19. Qd4 b6 20. Re1 Qg6 21. Nc7 Be4 22. Rxe4 Nxe4 23. d7 1-0

[Event "LSS No Engine Cup 37 Preliminary 1"]
[Site "LSS email"]
[Date "2011.02.15"]
[Round "?"]
[White "Tot, Zoltan M"]
[Black "Trani, Francesco"]
[Result "0-1"]
[WhiteElo "671"]
[BlackElo "1773"]
[PlyCount "20"]
[EventDate "2011.02.16"]
[EventType "tourn (corr)"]
[EventRounds "6"]
[EventCountry "GER"]
[SourceTitle "Corr 2015"]
[Source "ChessBase"]
[SourceDate "2015.07.17"]
[SourceVersion "1"]
[SourceVersionDate "2015.07.17"]
[SourceQuality "1"]

1. e4 e5 2. Qh5 Nc6 3. Nf3 Nf6 4. Qg5 Nxe4 5. Qe3 d5 6. d3 Bc5 7. Qd2 Nxd2 8. Bxd2 e4 9. dxe4 dxe4 10. Ng5 Qf6 0-1

[Event "OP-2011-0-01395"]
[Site "LSS email"]
[Date "2011.02.04"]
[Round "?"]
[White "Tot, Zoltan M"]
[Black "Venturas, Bob"]
[Result "1-0"]
[WhiteElo "702"]
[BlackElo "646"]
[PlyCount "75"]
[EventDate "2011.01.30"]
[EventType "tourn (corr)"]
[EventRounds "4"]
[EventCountry "GER"]
[SourceTitle "Telechess CBM 147"]
[Source "ChessBase"]
[SourceDate "2012.03.16"]
[SourceVersion "1"]
[SourceVersionDate "2012.03.16"]
[SourceQuality "1"]

1. e4 e5 2. Qh5 Nc6 3. Bc4 Qe7 4. Nf3 d6 5. Ng5 g6 6. Qf3 Qxg5 7. Qxf7+ Kd8 8. Qxf8+ Kd7 9. Qg7+ Nce7 10. 0-0 Qf6 11. Qxf6 Nxf6 12. Nc3 a6 13. d3 h6 14. h3 c6 15. f4 Kc7 16. fxe5 Nh5 17. Rf7 Re8 18. Bxh6 Bd7 19. exd6+ Kxd6 20. Bg5 Be6 21. e5+ Kd7 22. Ne4 Bxf7 23. Bxf7 Rf8 24. e6+ Kc7 25. Bxe7 Rh8 26. Bd6+ Kb6 27. e7 Ng7 28. Nf6 c5 29. Re1 Kc6 30. Be5 a5 31. Ne8 Nxe8 32. Bxh8 Kd7 33. Bxe8+ Kxe8 34. Bf6 Rc8 35. Rf1 Rc6 36. Bh4 Re6 37. Rf8+ Kd7 38. Rd8+ 1-0

[Event "OP-2011-0-01373"]
[Site "LSS email"]
[Date "2011.01.17"]
[Round "?"]
[White "Hammerschmidt, Volker"]
[Black "Tot, Zoltan M"]
[Result "1-0"]
[WhiteElo "1435"]
[BlackElo "702"]
[PlyCount "48"]
[EventDate "2011.01.09"]
[EventType "tourn (corr)"]
[EventRounds "4"]
[EventCountry "GER"]
[SourceTitle "Telechess CBM 147"]
[Source "ChessBase"]
[SourceDate "2012.03.16"]
[SourceVersion "1"]
[SourceVersionDate "2012.03.16"]
[SourceQuality "1"]

1. e4 e5 2. Nf3 Nf6 3. Nxe5 Qe7 4. d4 Nxe4 5. Be2 Qf6 6. 0-0 d6 7. Ng4 Qg6 8. Ne3 Be7 9. Nd5 Bd8 10. Nf4 Qf6 11. Bd3 Qxd4 12. Bb5+ Bd7 13. Qxd4 0-0 14. Bxd7 Nf6 15. Ba4 Nc6 16. Bxc6 bxc6 17. Qa4 c5 18. Nc3 h6 19. Re1 Ng4 20. Ne6 fxe6 21. Qxg4 Bf6 22. Qxe6+ Kh8 23. Nd5 Rfe8 24. Qxe8+ Rxe8 1-0

[Event "OP-2010-0-01356"]
[Site "LSS email"]
[Date "2011.01.01"]
[Round "?"]
[White "Van Gysel, Marc"]
[Black "Tot, Zoltan M"]
[Result "1-0"]
[WhiteElo "2125"]
[BlackElo "707"]
[PlyCount "59"]
[EventDate "2010.12.26"]
[EventType "tourn (corr)"]
[EventRounds "4"]
[EventCountry "GER"]
[SourceTitle "Telechess CBM 145"]
[Source "Chessbase"]
[SourceDate "2011.11.11"]
[SourceVersion "1"]
[SourceVersionDate "2011.11.11"]
[SourceQuality "1"]

1. d4 e6 2. e4 d5 3. e5 c5 4. c3 cxd4 5. cxd4 Nc6 6. Nf3 h6 7. Nc3 Nge7 8. h4 Nf5 9. g4 Nfe7 10. Nb5 Ng8 11. Bd3 Bb4+ 12. Bd2 Qa5 13. 0-0 a6 14. Bxb4 Nxb4 15. Nd6+ Kd8 16. Nxf7+ Ke8 17. Nxh8 Ne7 18. Qd2 Nec6 19. Bg6+ Kd7 20. a3 Qb6 21. axb4 Nxb4 22. Nf7 Nc6 23. Rfc1 a5 24. Nd6 Qb3 25. Be8+ Kc7 26. Rxa5 Rxa5 27. Qxa5+ b6 28. Rxc6+ Kd8 29. Rxc8+ Ke7 30. Qa7+ 1-0

[Event "OP-2010-0-01356"]
[Site "LSS email"]
[Date "2010.12.31"]
[Round "?"]
[White "Tamashiro, Ariel"]
[Black "Tot, Zoltan M"]
[Result "1-0"]
[WhiteElo "1255"]
[BlackElo "707"]
[PlyCount "21"]
[EventDate "2010.12.26"]
[EventType "tourn (corr)"]
[EventRounds "4"]
[EventCountry "GER"]
[SourceTitle "Corr 2015"]
[Source "ChessBase"]
[SourceDate "2015.07.17"]
[SourceVersion "1"]
[SourceVersionDate "2015.07.17"]
[SourceQuality "1"]

1. e4 e5 2. Nf3 d6 3. d4 Nd7 4. Bc4 h6 5. dxe5 dxe5 6. Bxf7+ Kxf7 7. Nxe5+ Ke8 8. Qh5+ Ke7 9. Qf7+ Kd6 10. Nc4+ Kc6 11. Qd5# 1-0

[Event "OP-2010-0-01356"]
[Site "LSS email"]
[Date "2010.12.30"]
[Round "?"]
[White "Tot, Zoltan M"]
[Black "Winbush, Jerome"]
[Result "0-1"]
[WhiteElo "707"]
[BlackElo "1689"]
[PlyCount "82"]
[EventDate "2010.12.26"]
[EventType "tourn (corr)"]
[EventRounds "4"]
[EventCountry "GER"]
[SourceTitle "Telechess CBM 145"]
[Source "Chessbase"]
[SourceDate "2011.11.11"]
[SourceVersion "1"]
[SourceVersionDate "2011.11.11"]
[SourceQuality "1"]

1. e4 d6 2. d4 Nf6 3. Nc3 g6 4. Nf3 Bg7 5. h3 0-0 6. Bd3 c5 7. d5 b5 8. Bxb5 Nxe4 9. Nxe4 Qa5+ 10. Nc3 Bxc3+ 11. bxc3 Qxb5 12. Bh6 Re8 13. Rb1 Qc4 14. Rb3 Nd7 15. Nd2 Qxd5 16. Nf3 Qxd1+ 17. Kxd1 Nf6 18. Re1 Be6 19. Rb2 Reb8 20. Rxb8+ Rxb8 21. Kd2 Rb7 22. Ra1 Ne4+ 23. Ke1 Nxc3 24. a3 Bd5 25. Kf1 Bxf3 26. Bd2 Bxg2+ 27. Kxg2 Ne2 28. c3 Rb2 29. Be1 Rb3 30. c4 Nf4+ 31. Kh2 Rxh3+ 32. Kg1 Rb3 33. a4 f6 34. a5 g5 35. Bd2 Ne6 36. Kg2 h6 37. f3 Nd4 38. a6 Rb2 39. Rd1 Nb3 40. Kf1 Nxd2+ 41. Ke1 Rb1 0-1